[Event "29th CRO-chT Junior 2020"]
[Site "Cakovec"]
[Date "2020.07.18"]
[Round "10.2"]
[White "Sundac, Ivano"]
[Black "Dumancic, Simun"]
[Result "1/2-1/2"]
[WhiteElo "1408"]
[BlackElo "1896"]
[Annotator "NA RC"]
[PlyCount "96"]
[EventDate "2020.07.14"]
[EventType "team-tourn"]
[EventCountry "CRO"]
[SourceTitle "playchess.com"]
[Source "ChessBase"]
[SourceQuality "1"]
[TimeControl "5400+30"]

{[%evp 8,92,0,0,32767,3,32767,32767,0,-28,32767,32767,-9,-9,-23,-60,0,0,12,8,27,-46,0,0,-5,-42,0,-12,-30,-16,10,2,49,46,45,34,38,44,55,6,16,-2,0,32767,32767,32767,32767,32767,-29,32767,-52,32767,32767,32767,32767,32767,32767,32767,0,-48,-104,-33,-35,-8,0,0,0,0,7,4,14,7,14,9,12,0,14,7,0,0,9,21,9,0,7,0,151]} 1. e4 {[%emt 0:00:30]} c5 {[%emt 0:00:30]} 2. Nc3 {[%emt 0:00:00]} Nc6 {[%emt 0:00:30]} 3. g3 {[%emt 0:01:00]} g6 {[%emt 0:00:30]} 4. Bg2 {[%emt 0:00:30]} Bg7 {[%emt 0:00:30]} 5. Nge2 {[%emt 0:00:30]} e6 {[%emt 0:03:30]} 6. O-O {[%emt 0:01:30]} Nge7 {[%emt 0:00:30]} 7. d3 {[%emt 0:01:30]} O-O {[%emt 0:00:30]} 8. f4 {[%emt 0:01:30]} d6 {[%emt 0:02:30]} 9. Be3 {[%emt 0:07:30] The main line 9.Be3 scores better than 9.g4.} Nd4 {[%emt 0:09:30]} 10. g4 {[%emt 0:04:30]} f5 {[%emt 0:11:30] B25: Closed Sicilian: 3 g3, lines without early Be3.} 11. g5 {[%emt 0:04:30]} Nec6 {[%emt 0:03:30]} (11... e5 $15) 12. Ng3 {[%emt 0:06:30]} e5 {[%emt 0:12:30]} 13. Nd5 {[%emt 0:02:30] [#]} Ne7 $146 {[%emt 0:05:30]} ({Predecessor:} 13... exf4 14. Nxf4 Ne7 15. c3 Ndc6 16. exf5 Nxf5 17. Bd5+ Kh8 18. Nxg6+ hxg6 19. Qg4 Nh6 {1-0 (33) Haussernot,C (2186)-Fraser,J (1934) Hastings 2015}) 14. Bxd4 {[%emt 0:14:30]} (14. Qd2 $14) 14... cxd4 {[%emt 0:06:30]} 15. Nxe7+ {[%emt 0:04:30]} Qxe7 {[%emt 0:00:30]} 16. exf5 {[%emt 0:03:30]} Bxf5 {[%emt 0:07:30]} 17. Qe2 {[%emt 0:07:30]} Rae8 {[%emt 0:01:30]} 18. Rae1 {[%emt 0:00:30]} Qd7 {[%emt 0:01:30]} 19. Nxf5 {[%emt 0:03:30]} gxf5 {[%emt 0:02:30]} 20. Bd5+ {[%emt 0:00:30]} Kh8 {[%emt 0:00:30]} 21. Qg2 {[%emt 0:01:30]} exf4 {[%emt 0:04:30]} 22. Rxe8 {[%emt 0:00:30]} Qxe8 {[%emt 0:00:30]} 23. Rxf4 {[%emt 0:00:30]} Qe3+ {[%emt 0:01:30] Double Attack} 24. Qf2 {[%emt 0:00:30]} Be5 {[%emt 0:01:30]} 25. Qxe3 {[%emt 0:02:30]} dxe3 {[%emt 0:00:30]} 26. Rf3 {[%emt 0:00:30]} Bxb2 {[%emt 0:01:30]} 27. Kf1 {[%emt 0:00:30]} f4 {[%emt 0:00:30]} 28. h4 {[%emt 0:01:30]} b6 {[%emt 0:01:30]} 29. a4 {[%emt 0:01:30]} Kg7 {[%emt 0:00:30]} 30. h5 {[%emt 0:02:30]} h6 {[%emt 0:02:19]} 31. g6 {[%emt 0:01:30]} Be5 {[%emt 0:00:49]} 32. Bf7 {[%emt 0:00:30] [#]} Rc8 {[%emt 0:02:50]} (32... d5 $1 $17 {[%cal Rd5d4][%mdl 512]} 33. Bxd5 Rf5) 33. Bb3 {[%emt 0:00:30] [#]} d5 $1 {[%emt 0:04:01]} 34. d4 $1 {[%emt 0:00:30]} Bb8 {[%emt 0:00:20]} 35. Ke2 {[%emt 0:01:30]} Kf6 {[%emt 0:00:47]} 36. Kd3 {[%emt 0:00:00]} Re8 {[%emt 0:00:50]} 37. Ke2 {[%emt 0:00:00]} Rd8 {[%emt 0:00:21]} 38. Rf1 {[%emt 0:01:30]} Kf5 {[%emt 0:02:38]} 39. c3 {[%emt 0:01:30]} Kf6 $1 {[%emt 0:00:55]} 40. Rg1 {[%emt 0:01:30]} Kg7 {[%emt 0:00:35]} 41. Rf1 {[%emt 0:00:00]} Bc7 {[%emt 0:01:29]} 42. Kd3 {[%emt 0:00:00]} Rd7 $11 {[%emt 0:01:13]} 43. Ke2 {[%emt 0:00:30]} Kf6 {[%emt 0:00:41]} 44. Rg1 {[%emt 0:00:30]} Kg7 {[%emt 0:01:15]} 45. Rf1 {[%emt 0:00:30]} Bb8 {[%emt 0:01:07]} 46. Kd3 {[%emt 0:00:30]} a5 $16 {[%emt 0:01:33]} 47. Ke2 {[%emt 0:00:00]} Bc7 {[%emt 0:01:37]} 48. Kd3 {[%emt 0:00:00]} Bb8 {[%emt 0:00:55]} 1/2-1/2

[Event "29th CRO-chT Junior 2020"]
[Site "Cakovec"]
[Date "2020.07.18"]
[Round "10.3"]
[White "Sagovac, Kristijan"]
[Black "Tomljanovic, Ivano"]
[Result "1-0"]
[WhiteElo "1839"]
[BlackElo "1393"]
[Annotator "NA RC"]
[PlyCount "43"]
[EventDate "2020.07.14"]
[EventType "team-tourn"]
[EventCountry "CRO"]
[SourceTitle "playchess.com"]
[Source "ChessBase"]
[SourceQuality "1"]
[TimeControl "5400+30"]

{[%evp 12,43,31,9,32767,32767,32767,32767,19,13,32767,32767,21,6,32767,32767,32767,32767,32767,32767,32767,32767,32767,370,369,381,389,385,385,231,216,1352,29995,970]} 1. e4 {[%emt 0:00:30]} e5 {[%emt 0:00:30]} 2. Nf3 {[%emt 0:00:00]} Nc6 {[%emt 0:00:00]} 3. Bc4 {[%emt 0:00:00]} Bc5 {[%emt 0:00:00]} 4. c3 {[%emt 0:00:00]} d6 {[%emt 0:00:30]} 5. b4 {[%emt 0:00:00]} Bb6 {[%emt 0:00:30]} 6. a4 {[%emt 0:00:30]} a6 {[%emt 0:00:30]} 7. Qb3 {[%emt 0:00:30] C53: Giuoco Piano sidelines.} Qe7 {[%emt 0:00:30]} 8. d3 {[%emt 0:04:30]} h6 {[%emt 0:01:30]} 9. Be3 {[%emt 0:00:30]} Bxe3 {[%emt 0:01:30]} 10. fxe3 {[%emt 0:00:00]} Nf6 {[%emt 0:00:30]} 11. O-O {[%emt 0:01:00]} O-O {[%emt 0:00:00]} 12. Nh4 {[%emt 0:01:30] [#]} Ng4 $146 {[%emt 0:02:00]} ({Predecessor:} 12... Be6 13. Nf5 Bxf5 14. Rxf5 Ng4 15. Rf3 Qh4 16. h3 Qe1+ 17. Rf1 Qxe3+ 18. Kh1 Nf2+ 19. Kh2 Nxd3 20. Rf3 Qxe4 {½-½ (20) Sevenyuk,A (1839)-Biller,H (2035) Bled 2018}) 13. Ng6 {[%emt 0:02:30]} Qg5 {[%emt 0:03:30]} 14. Bxf7+ {[%emt 0:00:30]} Rxf7 {[%emt 0:01:30]} 15. Qxf7+ {[%emt 0:00:30]} Kh7 {[%emt 0:00:30]} 16. Nf8+ {[%emt 0:00:30]} Kh8 {[%emt 0:00:30]} 17. Rf3 {[%emt 0:12:30]} Nxe3 {[%emt 0:06:30]} 18. Rg3 {[%emt 0:00:30]} Ng4 {[%emt 0:00:30]} 19. Na3 {[%emt 0:04:30]} Qf6 {[%emt 0:10:30]} 20. Qe8 {[%emt 0:18:30]} Qf2+ {[%emt 0:05:30]} 21. Kh1 $18 {[%emt 0:00:00]} Qb6 {[%emt 0:04:30]} 22. Nd7+ {[%emt 0:02:00]} (22. Ne6+ $142 Kh7 23. Rxg4 Qg1+ 24. Rxg1 Bxe6 25. Qg6+ {[%mdl 64] Double Attack} Kh8 26. Qxg7#) 1-0

[Event "29th CRO-chT Junior 2020"]
[Site "Cakovec"]
[Date "2020.07.18"]
[Round "10.6"]
[White "Vuk, Sebastijan"]
[Black "Cvitan, Ena"]
[Result "0-1"]
[WhiteElo "1382"]
[BlackElo "2258"]
[Annotator "TA"]
[PlyCount "170"]
[EventDate "2020.07.14"]
[EventType "team-tourn"]
[EventCountry "CRO"]
[SourceTitle "playchess.com"]
[Source "ChessBase"]
[SourceQuality "1"]

{[%evp 12,170,25,29,33,16,43,25,24,25,25,25,28,2,0,-41,0,-8,-4,-8,0,0,0,-9,-1,-7,-7,-7,0,0,0,0,0,-10,0,-78,-39,-43,-27,-28,-27,-55,-37,-61,-58,-97,-97,-93,-89,-107,-73,-109,-93,-107,-84,-92,-52,-92,-67,-64,-58,-86,-73,-84,-73,-74,-60,-55,-52,-54,0,-54,-54,-54,-45,-54,0,-53,0,-60,-36,-33,-20,-66,-13,-24,-31,-21,-21,-82,-50,-184,-190,-287,-125,-325,-70,-65,-69,-155,-133,-389,-384,-376,-369,-689,-664,-29964,-29961,-29962,-29963,-5831,-1019,-6552,-6612,-2909,-3409,-1438,-1081,-1009,-999,-29969,-487,-468,-450,-868,-855,-1375,-1395,-1218,-1276,-1124,-1045,-29975,-29976,-29979,-29980,-29980,-29980,-29980,-29980,-29980,-29981,-29981,-29982,-29982,-29981,-29981,-29981,-29983,-29984,-29985,-29986,-29986,-29987,-29988,-29989,-29989,-29990,-29990,-29991]} 1. e4 c6 2. d4 d5 3. Nc3 dxe4 4. Nxe4 Nf6 5. Nxf6+ exf6 6. Bc4 Be7 7. Ne2 O-O {B15: Caro-Kann: 3 Nc3: 3...g6 and 3...dxe4 4 Nxe4 Nf6 5 Nxf6+ exf6.} 8. O-O Nd7 {[%cal Bb8d7,Bd7b6,Bb6d5,Bd5e3][%mdl 32]} 9. Be3 {[#]} f5 $146 {White has an edge.} ({Predecessor:} 9... Nb6 10. Bd3 Nd5 11. Bd2 Bd6 12. c4 Ne7 13. Bc3 Bf5 14. Ng3 Bxd3 15. Qxd3 Re8 {1-0 (33) Kurochkina,K-Chernova,A Kazan 2000}) 10. Re1 Nb6 11. Bb3 Nd5 12. Nf4 Nxe3 13. fxe3 Bf6 14. Qf3 g6 15. Re2 Bd7 16. c3 a5 17. a3 Qb6 18. Ba2 Rae8 19. Rf1 Re7 20. Qg3 Kh8 21. h4 Rfe8 22. Rfe1 Qd8 23. Kf2 (23. h5 $11) 23... Re4 24. Rh1 Kg8 25. Bb1 R4e7 26. Ba2 Kf8 27. Bb3 Bc8 28. Ba2 b6 29. Bc4 Bb7 30. Bd3 Qc7 31. Bc4 c5 32. Bb5 Rd8 {[%cal Rc5d4]} 33. Rhe1 Be4 34. Rd2 Rd6 35. Rde2 Qd8 {[%cal Rc5d4]} 36. Rh1 Rc7 37. Rd2 Qe7 38. Re2 c4 39. Rd2 Rc8 40. Ba6 Rc7 41. Bb5 Rd8 42. Re2 Ra8 43. Ba4 Rd8 44. Bb5 $1 Ra8 45. Ba4 $1 b5 46. Bc2 Rd7 $36 {[%mdl 2048] Black fights for an advantage.} 47. Rd2 b4 (47... Bc6 $15 48. h5 Re8 49. hxg6 fxg6) 48. axb4 $11 axb4 49. Bxe4 fxe4 50. Qg4 (50. h5 $11 {keeps the balance.}) 50... Ra2 51. Ne2 (51. Qe2 $15) 51... h5 $1 $19 {[%cal Rh5g4]} 52. Qf4 (52. Qh3 $142) 52... Rd8 (52... Rd6 $19 {is more deadly. Strongly threatening ...Bxd4!} 53. Nc1 (53. cxb4 $2 Bxd4 {[%mdl 64] Clearance} 54. Rxd4 Rf6 $19 {[%mdl 64] Discovered Attack}) 53... Ra1) 53. Qh2 $2 {[#]} (53. cxb4 $17 Rd5 54. Qb8+ Rd8 55. Qf4) 53... Qb7 $2 (53... Be5 $1 $19 {[%mdl 512]} 54. Qg1 (54. dxe5 Rxd2) 54... Qf6+ 55. Ke1 Rda8) 54. Rb1 $15 Rd5 55. Qh3 {Black converts the advantage convincingly.} (55. Kg1 $15) 55... Rb5 $17 {Hoping for ...bxc3.} 56. Qh1 $2 {[%mdl 8192]} (56. Kg1 $17 {was worth a try.}) 56... bxc3 $19 57. Nxc3 Rbxb2 58. Rdxb2 $2 (58. Rbxb2 Rxb2 59. Qc1 Rxd2+ 60. Qxd2) 58... Rxb2+ 59. Kg3 Qb8+ 60. Kh3 Qc8+ 61. Kh2 Qc7+ 62. Kh3 Qd7+ 63. Kh2 Qd6+ 64. Kh3 Qe6+ 65. Kh2 Rc2 66. Rc1 Rxc1 (66... Qd6+ $142 67. Kh3 {[#]} Bxh4 $1 {[%mdl 512]} 68. Nxe4 Qe6+ 69. Kh2 Qxe4 70. Rxc2 Qxc2 71. Qa1 c3 72. Qa5 Qb2 73. Qe5 c2 74. Qh8+ Ke7 75. Qe5+ Kd8 76. Qd5+ Ke8 77. Qa8+ Bd8 78. Qc6+ Kf8 79. Qd6+ Be7 80. Qg3 c1=Q 81. Qe5 Kg8 82. Qxe7 Qf2 $1 {[%mdl 512]} 83. Qe8+ Kh7 84. Qxf7+ Qxf7 85. Kg3 Qxe3+ 86. Kh2 Qf1 87. g3 Qeg1#) 67. Qxc1 Bxh4 68. Qd1 (68. Qa3+ $142 Kg7 69. Kg1) 68... Qd6+ 69. Kh1 Qg3 70. Qe2 Qe1+ 71. Qxe1 Bxe1 72. Nxe4 c3 {Black mates.} 73. Nxc3 Bxc3 {[%mdl 4096] Endgame KB-K3P} 74. Kg1 Ke7 75. Kf2 Ke6 76. Ke2 Ba5 77. e4 Bb6 78. Ke3 Kf6 79. Kd3 Kg5 80. g3 Kg4 81. Kc4 Kxg3 82. d5 h4 83. e5 h3 84. e6 fxe6 85. dxe6 Bd8 {Accuracy: White = 57%, Black = 80%.} 0-1

[Event "29th CRO-chT Junior 2020"]
[Site "Cakovec"]
[Date "2020.07.18"]
[Round "10.7"]
[White "Ghersinich, Enrico"]
[Black "Kristofic, Dino"]
[Result "1-0"]
[WhiteElo "2299"]
[BlackElo "1290"]
[Annotator "TA"]
[PlyCount "47"]
[EventDate "2020.07.14"]
[EventType "team-tourn"]
[EventCountry "CRO"]
[SourceTitle "playchess.com"]
[Source "ChessBase"]
[SourceQuality "1"]

{[%evp 19,46,41,45,33,28,33,33,33,219,215,239,246,662,398,387,167,474,474,725,701,2120,2058,1803,1754,2193,2069,29998,29999,29999]} 1. e4 c5 2. Ne2 Nc6 3. Nbc3 Nf6 4. d4 cxd4 5. Nxd4 g6 6. Bc4 Bg7 7. Be3 Qa5 8. f3 O-O 9. Qd2 d6 10. O-O-O Bd7 11. g4 {B79: Sicilian Dragon: Yugoslav Attack, 9 Bc4 Bd7 10 0-0-0 Qa5.} Nxd4 12. Bxd4 b5 13. Bb3 {[#] White is slightly better.} Qc7 $146 (13... Be6 $14) ({Predecessor:} 13... b4 14. Nd5 Nxd5 15. Bxd5 Rac8 16. Kb1 Qc7 17. Bxg7 Kxg7 18. h4 a5 19. h5 e6 20. hxg6 fxg6 {1-0 (26) Schackmann,O (1138)-Michels,K (1184) Arendsee 2009}) 14. Bxf6 $18 Bxf6 15. Nd5 Qc6 $2 (15... Qc5 16. Nxf6+ exf6 17. Qxd6 Qxd6 18. Rxd6 Bc8 19. Rxf6 Be6) 16. Nxf6+ exf6 17. h4 (17. Bd5 $142 Qc7 18. Bxa8 {[%mdl 64] Discovered Attack} Rxa8 19. Qxd6) 17... Rfe8 $2 (17... Be6 {is a better chance.} 18. h5 (18. Qxd6 Qb6 $16) 18... Bxb3) 18. Bd5 {[%mdl 64] [#] Skewer} Qa6 (18... Qc7 $142 19. h5 Be6 20. Bxa8 Rxa8 21. hxg6 fxg6 22. Qxd6 Qxd6 23. Rxd6 Re8) 19. h5 {Hoping for hxg6.} gxh5 20. Rxh5 {White threatens Bxf7+! and mate.} Kf8 21. Rxh7 Be6 22. Bxa8 {[%mdl 64] [#] Discovered Attack} Qxa2 23. Rh8+ Kg7 24. Qh6# {Black did not feel at home in the position after the opening. Accuracy: White = 61%, Black = 24%.} 1-0

[Event "29th CRO-chT Junior 2020"]
[Site "Cakovec"]
[Date "2020.07.18"]
[Round "10.9"]
[White "Damjanovic, Stjepan"]
[Black "Tomulic, Teo"]
[Result "0-1"]
[WhiteElo "1867"]
[BlackElo "2359"]
[Annotator "TA"]
[PlyCount "144"]
[EventDate "2020.07.14"]
[EventType "team-tourn"]
[EventCountry "CRO"]
[SourceTitle "playchess.com"]
[Source "ChessBase"]
[SourceQuality "1"]

{[%evp 21,144,-9,-8,-21,-13,-52,-52,-54,-58,-50,-51,-49,-47,-82,-51,-66,-61,-52,-50,-59,-44,-69,-70,-75,-70,-70,-70,-70,-70,-77,-77,-77,-70,-77,-77,-77,-77,-77,-77,-87,-89,-99,-100,-94,-87,-84,-66,-66,-57,-73,-64,-77,-72,-72,-68,-69,-81,-224,-223,-245,-240,-299,-305,-311,-318,-356,-383,-407,0,-304,0,-369,-380,-367,-386,-375,-385,-372,-377,-376,-379,-422,-416,-420,-395,-407,-400,-506,-508,-495,-488,-597,-594,-577,-576,-786,-742,-753,-658,-520,0,-660,-681,-672,-665,-708,-675,-872,-806,-907,-965,-1633,-1566,-1468,-1327,-12830,-12825,-4702,-4702,-29990,-29991,-29992,-29993,-29997,-29998]} 1. e4 c5 2. d4 cxd4 3. c3 dxc3 4. Nxc3 Nc6 5. Nf3 e6 6. Bc4 d6 7. O-O Be7 8. Qe2 Bd7 9. Rd1 a6 10. Bf4 e5 11. Be3 Nf6 12. Bg5 {B21: Sicilian: 2 f4 and Morra Gambit.} Bg4 13. Bxf6 Bxf6 14. Qd3 $1 {Black is slightly better.} O-O 15. h3 Bxf3 16. Qxf3 Nd4 {[#]} 17. Qg4 $146 ({Predecessor:} 17. Qd3 g6 18. Nd5 Bg7 19. Ne3 Kh8 20. Bd5 Rb8 21. Rdc1 f5 22. Nc2 Qh4 23. Rf1 fxe4 24. Bxe4 {½-½ (40) Tsvirkov,P-Akimov,V Russia 1997}) 17... Qc8 (17... Rc8 {with more complications.} 18. Bd5 a5 19. Rab1 b5 20. Ne2 Rc2) 18. Qxc8 Raxc8 19. Bd3 g6 20. Nd5 Kg7 21. Rac1 Bg5 22. Rc3 Rxc3 23. bxc3 Ne6 24. g3 Rc8 25. Rb1 Nc5 26. Bc2 Bd8 27. Kf1 Kf8 28. Ke2 Ke8 29. Kd2 Kd7 30. Rb4 Ba5 31. Rb2 h6 32. Rb1 Rf8 33. Ke2 Kc8 34. Rf1 Kb8 35. Rd1 Rc8 36. Ne7 Rc7 37. Nd5 Rc6 38. Rb1 Ne6 39. Rb3 {[#]} (39. Kd2 $17) 39... Nd4+ $1 $19 {[%mdl 512]} 40. cxd4 {Threatens to win with Bd1.} Rxc2+ {[%mdl 4160] Endgame Double Attack. KRB-KRN} 41. Kf1 exd4 42. a3 Bc3 43. a4 Ra2 44. Nb6 Rc2 {...d3 is the strong threat.} 45. Nd5 Ra2 46. Nb6 $1 Ba5 47. Nc4 Bc7 48. Nb2 {[#]} d3 $1 49. Nxd3 Rxa4 50. f3 b5 51. Nb4 Kb7 52. Nd5 Rc4 53. Ke2 Rc5 54. Nc3 Kc6 55. Nd5 a5 56. f4 b4 57. g4 Kb5 58. g5 hxg5 59. fxg5 Ka4 60. Rb1 Kb5 $2 (60... Ka3 $19 61. Kd3 b3 62. Ra1+ Kb2) 61. Kd3 $2 {[%mdl 8192]} (61. Rb3 $11 Bd8 62. h4) 61... Bb6 62. h4 Rc8 63. Rf1 a4 64. Rxf7 {And now Rb7 would win.} Bc5 65. h5 a3 66. h6 a2 67. Rf1 {[#]} Rf8 $1 {[%mdl 512]} 68. Nf6 (68. Rxf8 a1=Q) 68... b3 {( -> ...b2)} 69. Kc3 {[#]} Bd4+ $1 {[%mdl 576] Deflection, Promotion} 70. Kxd4 b2 {Black mates.} 71. h7 a1=Q 72. Ng8 b1=Q+ {[%mdl 64] Discovered Attack. Accuracy: White = 63%, Black = 95%.} 0-1

[Event "29th CRO-chT Junior 2020"]
[Site "Cakovec"]
[Date "2020.07.18"]
[Round "10.10"]
[White "Radenic, Filip"]
[Black "Juric, Ester"]
[Result "1-0"]
[WhiteElo "2134"]
[BlackElo "1663"]
[Annotator "TA"]
[PlyCount "65"]
[EventDate "2020.07.14"]
[EventType "team-tourn"]
[EventCountry "CRO"]
[SourceTitle "playchess.com"]
[Source "ChessBase"]
[SourceQuality "1"]

{[%evp 9,65,18,25,13,27,20,20,-4,18,12,9,-18,-17,-11,-10,-19,-15,-33,-20,-124,-23,-41,19,3,28,0,12,-18,0,-8,0,-27,27,8,7,28,144,-108,-89,-43,200,202,202,195,245,179,172,167,146,115,199,183,201,196,318,328,453,445]} 1. c4 e5 2. g3 Nf6 3. Bg2 Nc6 4. Nc3 d6 5. e3 Be6 6. Nd5 {A25: English Opening vs King's Indian with ...Nc6 but without early d3.} g6 7. Ne2 Bg7 8. Rb1 {[#] The position is equal.} Rb8 $146 ({Predecessor:} 8... O-O 9. d3 Qd7 10. O-O a5 11. e4 Nh5 12. Be3 f5 13. Qd2 Rae8 14. b3 b6 15. a3 Nd4 16. Bxd4 exd4 17. exf5 Bxf5 18. b4 axb4 19. axb4 {1-0 (59) Kveinys,A (2535)-Stepovaia,T (2451) Tallinn 2001}) 9. b4 Ne7 {[%cal Re7d5]} 10. Qb3 c6 11. Nxf6+ Bxf6 12. O-O O-O 13. Bb2 Bg7 14. f4 (14. Qc2 $11) 14... f6 (14... b5 $17 15. Qa3 Bxc4) 15. Qc3 Bg4 ({Black should try} 15... b5 $15) 16. Rbe1 Qd7 17. e4 f5 18. d3 Rf7 19. Qa3 a6 20. Nc1 Rbf8 ({Better is} 20... exf4 21. gxf4 Bxb2 22. Qxb2 fxe4) 21. h3 $11 Bh5 22. fxe5 Bxe5 (22... dxe5 $11 {remains equal.} 23. d4 g5) 23. Bxe5 $4 {[%mdl 8192] [#]} (23. d4 $16 Bg7 24. e5 dxe5 25. dxe5) 23... dxe5 $17 24. Qc3 Qd4+ $2 (24... f4 $1 $15 25. Rf2 Qe6) 25. Qxd4 $18 exd4 26. Nb3 Rd8 27. c5 Kg7 28. exf5 gxf5 29. Rf4 Bg6 (29... Ng6 $16) 30. Rxd4 ({Don't do} 30. Nxd4 Kg8) 30... Rxd4 31. Nxd4 h5 (31... Ng8 {is a better defense.} 32. Ne6+ Kh6) 32. Ne6+ Kf6 33. Nd8 {Accuracy: White = 65%, Black = 41%.} 1-0

[Event "29th CRO-chT Junior 2020"]
[Site "Cakovec"]
[Date "2020.07.18"]
[Round "10.11"]
[White "Mandaric, Fran"]
[Black "Troselj, Ivan"]
[Result "0-1"]
[WhiteElo "1671"]
[BlackElo "1857"]
[Annotator "NA RC"]
[PlyCount "114"]
[EventDate "2020.07.14"]
[EventType "team-tourn"]
[EventCountry "CRO"]
[SourceTitle "playchess.com"]
[Source "ChessBase"]
[SourceQuality "1"]
[TimeControl "5400+30"]

{[%evp 19,112,33,28,0,0,8,15,13,23,2,8,0,18,-14,32767,32767,32767,32767,-13,-18,-17,-122,32767,32767,32767,-131,-1,-4,0,0,0,0,0,-34,0,-67,-62,-113,-73,-93,32767,-56,-52,32767,32767,32767,32767,-112,-169,-150,-168,-229,32767,32767,32767,32767,-514,-443,-438,-460,-639,-1162,-1468,-1691,-12839,-1372,-5193,-2075,-29964,-5293,-12841,-5202,-29964,32767,32767,32767,32767,32767,32767,32767,32767,32767,-29975,-29974,-12844,-29960,-29986,-29992,-29993,-29992,-29993,-29996,-29997,-29997,-29998]} 1. e4 {[%emt 0:00:30]} c6 {[%emt 0:00:30]} 2. d4 {[%emt 0:00:00]} d5 {[%emt 0:00:00]} 3. Nc3 {[%emt 0:00:00]} e6 {[%emt 0:02:00]} 4. Nf3 {[%emt 0:02:30]} Nf6 {[%emt 0:00:00]} 5. Bd3 {[%emt 0:01:30]} dxe4 {[%emt 0:02:00]} 6. Nxe4 {[%emt 0:01:30]} Nbd7 {[%emt 0:00:00]} 7. O-O {[%emt 0:01:30]} Be7 {[%emt 0:00:00]} 8. c4 {[%emt 0:01:30]} O-O {[%emt 0:00:30]} 9. b3 {[%emt 0:00:30] D30: Queen's Gambit Declined: Systems without Nc3.} b6 {[%emt 0:00:30]} 10. Bb2 {[%emt 0:07:30]} Bb7 {[%emt 0:01:30] [#]} 11. Ne5 $146 {[%emt 0:10:30]} ({Predecessor:} 11. Qe2 c5 12. Rad1 Qc7 13. dxc5 bxc5 14. Ng3 a5 15. Bb1 Rfe8 16. Ne5 Nxe5 17. Bxe5 Qc6 18. f3 {1-0 (70) Berend,E (2326)-Perez Rodriguez,L (2324) chess.com INT 2020}) 11... c5 {[%emt 0:04:30]} 12. Nxd7 {[%emt 0:04:30]} Qxd7 {[%emt 0:00:30]} 13. d5 $1 {[%emt 0:01:30]} Nxe4 {[%emt 0:02:30]} 14. Bxe4 {[%emt 0:01:30]} f5 {[%emt 0:01:30]} 15. Bf3 {[%emt 0:04:30]} exd5 {[%emt 0:00:30]} 16. Bxd5+ {[%emt 0:03:30]} Bxd5 {[%emt 0:00:00]} 17. Qxd5+ {[%emt 0:00:00]} Qxd5 {[%emt 0:00:00]} 18. cxd5 {[%emt 0:00:00]} Rad8 {[%emt 0:00:30]} 19. Rad1 {[%emt 0:02:30]} Rd7 {[%emt 0:00:30]} 20. f4 {[%emt 0:15:30]} (20. Rd3 $11 {keeps the balance.}) 20... Rfd8 {[%emt 0:01:30]} 21. Rfe1 {[%emt 0:00:30]} Kf7 {[%emt 0:00:30]} 22. Re2 {[%emt 0:02:30]} g6 {[%emt 0:00:30]} (22... Rxd5 $17 23. Rxd5 Rxd5) 23. Red2 $1 {[%emt 0:00:30]} Bf6 {[%emt 0:01:30]} 24. Be5 {[%emt 0:00:30]} Re8 {[%emt 0:01:30]} 25. Re2 {[%emt 0:00:30]} Red8 {[%emt 0:00:30]} 26. d6 {[%emt 0:08:30]} Be7 {[%emt 0:03:30]} 27. Rde1 {[%emt 0:02:30]} (27. Red2 $11 Bf8 28. h3) 27... Bf8 {[%emt 0:00:30]} 28. a4 {[%emt 0:06:30]} a5 {[%emt 0:00:30]} ({Reject} 28... Bxd6 $6 29. Bxd6 Rxd6 30. Re7+ Kf6 31. Rxa7 $11) 29. g3 {[%emt 0:01:30]} h5 {[%emt 0:00:30]} 30. Kg2 {[%emt 0:04:26]} Bxd6 {[%emt 0:00:30]} 31. Bxd6 {[%emt 0:02:08]} Rxd6 {[%emt 0:00:30]} 32. Re7+ {[%emt 0:00:09]} Kf6 {[%emt 0:00:30]} 33. Ra7 {[%emt 0:01:48]} (33. Rb7 $15) 33... Re6 {[%emt 0:00:30]} 34. Rxe6+ {[%emt 0:00:15]} Kxe6 {[%emt 0:00:00]} 35. Rg7 {[%emt 0:01:32]} Kf6 {[%emt 0:00:00]} 36. Rb7 {[%emt 0:00:05]} Rd6 {[%emt 0:00:30]} 37. Kh3 {[%emt 0:00:14]} Ke6 {[%emt 0:03:30]} 38. Kh4 {[%emt 0:00:45]} Kd5 {[%emt 0:00:30]} 39. Kg5 {[%emt 0:01:18]} Kd4 {[%emt 0:00:30]} 40. Rg7 {[%emt 0:01:39]} Kc3 {[%emt 0:00:00]} 41. Rxg6 {[%emt 0:00:11]} Rxg6+ {[%emt 0:00:00]} 42. Kxg6 {[%emt 0:00:06]} Kxb3 {[%emt 0:00:00]} 43. Kxf5 {[%emt 0:01:15]} c4 {[%emt 0:00:00]} 44. Kg6 {[%emt 0:01:16]} c3 {[%emt 0:00:30]} 45. f5 {[%emt 0:01:26]} c2 {[%emt 0:00:00]} 46. f6 {[%emt 0:00:54]} c1=Q {[%emt 0:00:00]} 47. f7 {[%emt 0:00:13]} Qc5 {[%emt 0:00:00]} 48. Kg7 {[%emt 0:00:29]} Qg5+ {[%emt 0:00:00]} 49. Kh8 {[%emt 0:00:26]} Qh6+ {[%emt 0:00:00]} 50. Kg8 {[%emt 0:00:14]} Qg6+ {[%emt 0:00:00]} 51. Kf8 {[%emt 0:00:42]} Kc4 {[%emt 0:00:30]} 52. Ke7 {[%emt 0:00:19]} Qg7 {[%emt 0:00:30]} 53. h3 {[%emt 0:00:37]} Kd5 {[%emt 0:00:00]} 54. g4 {[%emt 0:00:12]} Qe5+ {[%emt 0:00:00]} 55. Kf8 {[%emt 0:00:40]} Ke6 {[%emt 0:00:30]} 56. Kg8 {[%emt 0:00:24]} Qg5+ {[%emt 0:00:30] Double Attack} 57. Kf8 {[%emt 0:00:33]} Qg6 {[%emt 0:00:00]} 0-1